Associe les duos francophones avec leur titre de chanson VOL2 - Statistiques

Statistiques générales
  • Ce quiz a été pris 43 fois
  • Le résultat moyen est 9 sur 20
Statistiques - réponses
Hint Réponse % Correct
Céline Dion & Jean-Jacques Goldman J’irai où tu iras
92%
Vitaa & Slimane Avant toi
84%
Vianney & Joyce Jonathan Les filles d'aujourd'hui
74%
Brigitte Bardot & Serge Gainsbourg Bonnie & Clyde
71%
Grand Corps Malade & Louane Derrière le brouillard
71%
Gims & Théodora SPA
63%
Kyo & Sita Le chemin
61%
Angèle & Justice What you want
58%
Johnny Hallyday & Sylvie Vartan J'ai un problème
42%
Marc Lavoine & Claire Keim Je ne veux qu'elle
42%
Jenifer & Slimane Les choses simples
37%
Gaëtan Roussel & Hoshi Je vous trouve un charme fou
34%
Leslie & Amine Sobri (notre destin)
34%
Nekfeu & Clara Luciani Avant tu riais
29%
La Fouine & Ninho Etat des lieux
26%
Elodie Frégé & Michal Viens jusqu'à moi
18%
Damso & Eva Du feu
16%
Mylène Farmer & Khaled La poupée qui fait non
13%
Julien Doré & Juliette Armanet Corail
11%
Vanessa Paradis & Benjamin Biolay Pas besoin de permis
3%
Aucun quiz correspondant
Distribution des résultats
% des personnes avec chaque résultat
Percentile par nombre de réponses
Votre historique - résultats
Vous n’avez pas pris ce quiz